[Event "European Team-ch 2007 Femenino"]
[Site "Creta GRE"]
[Date "2007.11.06"]
[Round "9.5"]
[White "Madl, Ildiko"]
[Black "Muhren, Bianca"]
[Result "1/2-1/2"]
[WhiteElo "2381"]
[BlackElo "2303"]
[PlyCount "83"]
[EventDate "2007.10.28"]
[EventType "team"]
[EventRounds "9"]
[EventCountry "GRE"]
[Source "lmi"]
[SourceDate "2007.10.28"]
[WhiteTeam "Hungary"]
[BlackTeam "Netherlands"]
[WhiteTeamCountry "HUN"]
[BlackTeamCountry "NED"]

1. e4 c5 2. Nf3 e6 3. d4 cxd4 4. Nxd4 Nc6 5. Nb5 d6 6. Bf4 e5 7. Be3 a6 8. N5c3
Nf6 9. Bg5 Be7 10. Bxf6 Bxf6 11. Nd2 O-O 12. Nc4 b5 13. Qxd6 Nd4 14. Qxd8 Rxd8
15. Ne3 Bg5 16. Bd3 Bxe3 17. fxe3 Ne6 18. O-O-O Bb7 19. a3 Nc5 20. b4 Nd7 21.
Be2 Nb6 22. Rxd8+ Rxd8 23. Rd1 Rxd1+ 24. Kxd1 Kf8 25. Bd3 Ke7 26. Kd2 Kd6 27.
Na2 Bc8 28. Nc1 Be6 29. Nb3 Bxb3 30. cxb3 Nd7 31. Ke2 g5 32. Kf3 Nf6 33. Kg3
Kc7 34. h4 h6 35. hxg5 hxg5 36. Bc2 Kc6 37. Bb1 Kc7 38. Kf3 Kc6 39. Bc2 Kc7 40.
Bd3 Kc6 41. Bc2 Kc7 42. Bd3 1/2-1/2

[Event "European Team-ch 2007 Femenino"]
[Site "Creta GRE"]
[Date "2007.11.06"]
[Round "9.6"]
[White "Collas, Silvia"]
[Black "Voiska, Margarita"]
[Result "1/2-1/2"]
[WhiteElo "2408"]
[BlackElo "2294"]
[PlyCount "52"]
[EventDate "2007.10.28"]
[EventType "team"]
[EventRounds "9"]
[EventCountry "GRE"]
[Source "lmi"]
[SourceDate "2007.10.28"]
[WhiteTeam "France"]
[BlackTeam "Bulgaria"]
[WhiteTeamCountry "FRA"]
[BlackTeamCountry "BUL"]

1. c4 e5 2. Nc3 d6 3. e3 g6 4. d4 exd4 5. exd4 Bg7 6. Nf3 Ne7 7. d5 O-O 8. Bf4
Bg4 9. Be2 Nf5 10. O-O Nd7 11. h3 Bxf3 12. Bxf3 Ne5 13. Be2 Qh4 14. Qd2 Nd4 15.
Rac1 Rfe8 16. b3 Nxe2+ 17. Nxe2 Nd7 18. Rfe1 Nc5 19. Ng3 h6 20. Be3 a5 21. Bxc5
dxc5 22. Rxe8+ Rxe8 23. Re1 Rxe1+ 24. Qxe1 Bd4 25. Kf1 Qf6 26. Ne2 b6 1/2-1/2

[Event "European Team-ch 2007 Femenino"]
[Site "Creta GRE"]
[Date "2007.11.06"]
[Round "9.6"]
[White "Velcheva, Maria"]
[Black "Milliet, Sophie"]
[Result "0-1"]
[WhiteElo "2255"]
[BlackElo "2395"]
[PlyCount "104"]
[EventDate "2007.10.28"]
[EventType "team"]
[EventRounds "9"]
[EventCountry "GRE"]
[Source "lmi"]
[SourceDate "2007.10.28"]
[WhiteTeam "Bulgaria"]
[BlackTeam "France"]
[WhiteTeamCountry "BUL"]
[BlackTeamCountry "FRA"]

1. e4 e5 2. Nf3 Nf6 3. d4 Nxe4 4. Bd3 d5 5. Nxe5 Nd7 6. Nc3 Nxe5 7. dxe5 Bb4 8.
O-O Nxc3 9. bxc3 Bxc3 10. Rb1 O-O 11. Bxh7+ Kxh7 12. Qd3+ Kg8 13. Qxc3 b6 14.
Qf3 c5 15. Qh5 Qd7 16. h3 Qf5 17. Qe2 Bb7 18. Rb3 Rfe8 19. f4 f6 20. Rg3 Rad8
21. c3 Re6 22. Re3 Rde8 23. Qd1 Ba6 24. Rf2 Bc4 25. a3 Qb1 26. Rb2 Qh7 27. Rf2
fxe5 28. fxe5 Qb1 29. Qe1 d4 30. cxd4 cxd4 31. Re4 Bd3 32. Rxd4 Rxe5 33. Qd2
Re1+ 34. Kh2 Bg6 35. Bb2 R8e3 36. Rf3 Rxf3 37. gxf3 Rh1+ 38. Kg3 Rg1+ 39. Kh2
Rh1+ 40. Kg3 Qg1+ 41. Qg2 Qe1+ 42. Kf4 Rg1 43. Qh2 Qh4+ 44. Ke3 Qe7+ 45. Re4
Qc5+ 46. Rd4 Re1+ 47. Kf2 Qc2+ 48. Kg3 Qxh2+ 49. Kxh2 Re2+ 50. Kg3 Rxb2 51.
Rd8+ Kh7 52. Rd7 a5 0-1

[Event "European Team-ch 2007 Femenino"]
[Site "Creta GRE"]
[Date "2007.11.06"]
[Round "9.6"]
[White "Leconte, Maria"]
[Black "Raeva, Elitsa"]
[Result "1-0"]
[WhiteElo "2364"]
[BlackElo "2242"]
[PlyCount "87"]
[EventDate "2007.10.28"]
[EventType "team"]
[EventRounds "9"]
[EventCountry "GRE"]
[Source "lmi"]
[SourceDate "2007.10.28"]
[WhiteTeam "France"]
[BlackTeam "Bulgaria"]
[WhiteTeamCountry "FRA"]
[BlackTeamCountry "BUL"]

1. e4 c5 2. Nf3 Nc6 3. d4 cxd4 4. Nxd4 g6 5. Nc3 Bg7 6. Nb3 Nf6 7. Be2 O-O 8.
O-O d6 9. Bg5 Be6 10. Kh1 Rc8 11. f4 a6 12. Bf3 Nd7 13. Rb1 Nb6 14. Nd5 Nc4 15.
c3 f6 16. Bh4 Bf7 17. Qe2 b5 18. f5 N6e5 19. Nd4 gxf5 20. Nxf5 Ng6 21. Qf2 Nce5
22. Qg3 Bxd5 23. exd5 Rc4 24. Rbe1 Qd7 25. Be4 b4 26. cxb4 Qb5 27. Qf2 Qxb4 28.
a3 Qa4 29. Qe2 Rfc8 30. Bg3 Kh8 31. h4 Nf7 32. h5 Nge5 33. Nxe7 Re8 34. Nf5 Nd7
35. Qg4 Bf8 36. b3 Qxb3 37. Bxd6 Nde5 38. Qh4 Ng5 39. Bxf8 Rxf8 40. Nd6 Rd4 41.
Rxf6 Rg8 42. Qf4 Nd3 43. Nf7+ Nxf7 44. Rxf7 1-0

[Event "European Team-ch 2007 Femenino"]
[Site "Creta GRE"]
[Date "2007.11.06"]
[Round "9.7"]
[White "Mamedjarova, Zeinab"]
[Black "Bojkovic, Natasa"]
[Result "1-0"]
[WhiteElo "2326"]
[BlackElo "2428"]
[PlyCount "97"]
[EventDate "2007.10.28"]
[EventType "team"]
[EventRounds "9"]
[EventCountry "GRE"]
[Source "lmi"]
[SourceDate "2007.10.28"]
[WhiteTeam "Azerbaijan"]
[BlackTeam "SRB"]
[WhiteTeamCountry "AZE"]

1. Nf3 Nf6 2. d4 e6 3. Bf4 b6 4. e3 Bb7 5. Bd3 Be7 6. O-O Nh5 7. Bg3 Nxg3 8.
hxg3 c5 9. Nbd2 d6 10. a4 a6 11. c3 Nd7 12. Qe2 O-O 13. Nh2 cxd4 14. exd4 e5
15. dxe5 dxe5 16. Nc4 Qc7 17. Bf5 Rfe8 18. Rfe1 Nf6 19. Bc2 e4 20. Ne3 Bf8 21.
Bb3 Nd7 22. Rad1 Nc5 23. Bc2 Qc6 24. Rd4 Nd3 25. Bxd3 exd3 26. Rxd3 Qxa4 27.
Red1 Qc6 28. Nf3 a5 29. Qd2 a4 30. Nd5 a3 31. bxa3 Rxa3 32. Qb2 Ra6 33. Nb4
Bxb4 34. cxb4 Raa8 35. Rd7 Qa4 36. Qd4 Bc6 37. Rd6 Bxf3 38. gxf3 b5 39. Kg2 h6
40. Rd7 Re6 41. Qf4 Rf6 42. Qe4 Rf8 43. Rd8 Re6 44. Rxf8+ Kxf8 45. Rd8+ Ke7 46.
Qh4+ f6 47. Qd4 Qc2 48. Rd7+ Ke8 49. Rxg7 1-0

[Event "European Team-ch 2007 Femenino"]
[Site "Creta GRE"]
[Date "2007.11.06"]
[Round "9.7"]
[White "Mamedjarova, Turkan"]
[Black "Benderac, Ana"]
[Result "1-0"]
[WhiteElo "2250"]
[BlackElo "2328"]
[PlyCount "121"]
[EventDate "2007.10.28"]
[EventType "team"]
[EventRounds "9"]
[EventCountry "GRE"]
[Source "lmi"]
[SourceDate "2007.10.28"]
[WhiteTeam "Azerbaijan"]
[BlackTeam "SRB"]
[WhiteTeamCountry "AZE"]

1. f4 d5 2. Nf3 g6 3. g3 Bg7 4. Bg2 c6 5. O-O Bg4 6. c3 Qb6+ 7. Kh1 Nd7 8. d3
Ngf6 9. Qe1 O-O 10. Nbd2 Nc5 11. Ne5 Rad8 12. h3 Bc8 13. Ndf3 Ne6 14. g4 Nd7
15. Nxd7 Bxd7 16. f5 Nc7 17. e4 dxe4 18. dxe4 c5 19. a4 Na6 20. Bg5 Rfe8 21.
Qf2 gxf5 22. gxf5 f6 23. Bf4 Bc6 24. Rfe1 Qb3 25. e5 Qf7 26. Qg3 Kh8 27. Nh4
Bxg2+ 28. Kxg2 Qh5 29. Qg4 Qxg4+ 30. hxg4 fxe5 31. Be3 Nc7 32. Kf3 b6 33. g5
Rf8 34. Rad1 Kg8 35. Ke4 Rxd1 36. Rxd1 Ne8 37. Kd5 Kf7 38. Kc6 Bh8 39. Kb7 Nd6+
40. Kxa7 Ke8 41. b3 Kd7 42. b4 Kc6 43. bxc5 bxc5 44. Rb1 Nc4 45. Bf2 e4 46. Rb7
Bxc3 47. Rxe7 Ba5 48. Ka6 e3 49. Bg3 Ra8+ 50. Ra7 Rg8 51. g6 Bc3 52. Rc7+ Kd5
53. Rxh7 Bg7 54. Rxg7 Rxg7 55. f6 Rxg6 56. Nxg6 Ke6 57. Kb5 Nb2 58. a5 c4 59.
a6 c3 60. Nf4+ Kxf6 61. a7 1-0

[Event "European Team-ch 2007 Femenino"]
[Site "Creta GRE"]
[Date "2007.11.06"]
[Round "9.8"]
[White "Vega Gutierrez, Sabrina"]
[Black "Klinova, Masha"]
[Result "1-0"]
[WhiteElo "2331"]
[BlackElo "2326"]
[PlyCount "129"]
[EventDate "2007.10.28"]
[EventType "team"]
[EventRounds "9"]
[EventCountry "GRE"]
[Source "lmi"]
[SourceDate "2007.10.28"]
[WhiteTeam "Espana"]
[BlackTeam "Israel"]
[WhiteTeamCountry "ESP"]
[BlackTeamCountry "ISR"]

1. e4 c6 2. d4 d5 3. Nc3 dxe4 4. Nxe4 Bf5 5. Ng3 Bg6 6. h4 h6 7. Nf3 Nd7 8. h5
Bh7 9. Bd3 Bxd3 10. Qxd3 e6 11. Bf4 Qa5+ 12. Bd2 Qc7 13. O-O-O Ngf6 14. Qe2
O-O-O 15. Ne5 Nb6 16. Ba5 c5 17. Rh4 Rd5 18. c4 Rxd4 19. Rhxd4 cxd4 20. Rxd4
Bc5 21. Rd2 Bxf2 22. Nxf7 Bxg3 23. Qxe6+ Kb8 24. Nxh8 Bf4 25. Bxb6 Qxb6 26.
Qxb6 axb6 27. Ng6 Bxd2+ 28. Kxd2 Nxh5 29. Ke3 Nf6 30. Ne7 g5 31. Nf5 h5 32. Ng7
h4 33. Ne6 Kc8 34. Nxg5 Ng4+ 35. Kf4 Nf2 36. b3 Nd3+ 37. Ke3 Nb4 38. a3 Nc6 39.
b4 Ne5 40. Kd4 Ng6 41. Nf3 Kc7 42. Ke4 Kd6 43. Kf5 Ne7+ 44. Kf6 Ng8+ 45. Kg5
Ne7 46. Nxh4 Ke6 47. Kf4 b5 48. cxb5 Nd5+ 49. Ke4 Nc3+ 50. Kd3 Nxb5 51. a4 Nc7
52. Kd4 Nd5 53. Kc5 Nc3 54. a5 Kd7 55. Kb6 Kc8 56. Nf5 Nd5+ 57. Kc5 Nc3 58. Ne3
Ne4+ 59. Kb6 Nc3 60. g4 Na4+ 61. Ka7 Nc3 62. g5 Nb5+ 63. Kb6 Nd4 64. g6 Ne6 65.
Nf5 1-0

[Event "European Team-ch 2007 Femenino"]
[Site "Creta GRE"]
[Date "2007.11.06"]
[Round "9.8"]
[White "Borsuk, Angela"]
[Black "Calzetta, Monica"]
[Result "1-0"]
[WhiteElo "2301"]
[BlackElo "2287"]
[PlyCount "79"]
[EventDate "2007.10.28"]
[EventType "team"]
[EventRounds "9"]
[EventCountry "GRE"]
[Source "lmi"]
[SourceDate "2007.10.28"]
[WhiteTeam "Israel"]
[BlackTeam "Espana"]
[WhiteTeamCountry "ISR"]
[BlackTeamCountry "ESP"]

1. d4 Nf6 2. c4 c5 3. d5 b5 4. cxb5 a6 5. bxa6 Bxa6 6. Nc3 g6 7. e4 Bxf1 8.
Kxf1 d6 9. g3 Bg7 10. Kg2 O-O 11. Nf3 Nbd7 12. h3 Qa5 13. Re1 Rfb8 14. Re2 Ne8
15. Rc2 Nb6 16. Qe2 Qa6 17. Qxa6 Rxa6 18. Rb1 Nc4 19. b3 Na3 20. Bxa3 Rxa3 21.
e5 dxe5 22. Re1 f6 23. Ne4 Nc7 24. Rd1 Na6 25. d6 exd6 26. Rxd6 f5 27. Nf6+
Bxf6 28. Rxf6 e4 29. Ng5 Nb4 30. Rxc5 Rxa2 31. Rf7 Rxf2+ 32. Kg1 Rc2 33. Rxc2
Nxc2 34. Rc7 Nd4 35. Nxh7 Nf3+ 36. Kf2 Rxb3 37. g4 Ne5 38. gxf5 gxf5 39. Ng5
e3+ 40. Ke2 1-0

[Event "European Team-ch 2007 Femenino"]
[Site "Creta GRE"]
[Date "2007.11.06"]
[Round "9.8"]
[White "Llaneza Vega, Patricia"]
[Black "Igla, Bella"]
[Result "1-0"]
[WhiteElo "2272"]
[BlackElo "2291"]
[PlyCount "129"]
[EventDate "2007.10.28"]
[EventType "team"]
[EventRounds "9"]
[EventCountry "GRE"]
[Source "lmi"]
[SourceDate "2007.10.28"]
[WhiteTeam "Espana"]
[BlackTeam "Israel"]
[WhiteTeamCountry "ESP"]
[BlackTeamCountry "ISR"]

1. e4 c5 2. Nf3 Nc6 3. d4 cxd4 4. Nxd4 Qb6 5. Be3 Qxb2 6. c3 Nxd4 7. Bxd4 e5 8.
Bxe5 Bc5 9. Nd2 Qb6 10. Bg3 Nf6 11. e5 Qe6 12. Be2 Ng8 13. O-O Nh6 14. Nb3 Bb6
15. Nd4 Bxd4 16. cxd4 b6 17. Bf3 Rb8 18. d5 Qe7 19. e6 d6 20. exf7+ Kxf7 21.
Re1 Qf6 22. Rc1 Rd8 23. Qa4 a5 24. Bh5+ g6 25. Bh4 Bd7 26. Rc7 Qf5 27. Bxd8
Rxd8 28. Bf3 Kf8 29. Qh4 Nf7 30. Qxh7 Re8 31. Rxe8+ Bxe8 32. h3 Qf6 33. Bg4
Qa1+ 34. Kh2 Qe5+ 35. g3 Qe1 36. Kg2 Qe4+ 37. Bf3 Qf5 38. Qh4 g5 39. Qd4 b5 40.
Bh5 Ne5 41. Bg4 Qf6 42. Rc8 Qf7 43. Be6 Qf3+ 44. Kh2 b4 45. Bd7 Qf7 46. Bg4 Qb7
47. Rc1 Bf7 48. f4 Qxd5 49. Rc8+ Kg7 50. Qxd5 Nxg4+ 51. hxg4 Bxd5 52. Rc7+ Kf6
53. Ra7 Bxa2 54. Rxa5 Be6 55. Kg2 gxf4 56. g5+ Kg6 57. gxf4 b3 58. Rb5 Kf7 59.
Kf2 Bc4 60. Rb6 Ke6 61. Ke3 Kd5 62. g6 Ke6 63. Kd4 Be2 64. Rxb3 Kf6 65. Rg3 1-0

[Event "European Team-ch 2007 Femenino"]
[Site "Creta GRE"]
[Date "2007.11.06"]
[Round "9.8"]
[White "Vasiliev, Olga"]
[Black "Hernandez, Yudania"]
[Result "1-0"]
[WhiteElo "2214"]
[BlackElo "2263"]
[PlyCount "95"]
[EventDate "2007.10.28"]
[EventType "team"]
[EventRounds "9"]
[EventCountry "GRE"]
[Source "lmi"]
[SourceDate "2007.10.28"]
[WhiteTeam "Israel"]
[BlackTeam "Espana"]
[WhiteTeamCountry "ISR"]
[BlackTeamCountry "ESP"]

1. e4 d6 2. d4 Nf6 3. Nc3 g6 4. f4 Bg7 5. Nf3 c5 6. Bb5+ Bd7 7. e5 Ng4 8. Bxd7+
Qxd7 9. h3 cxd4 10. Qxd4 Nc6 11. Qe4 f5 12. Qe2 Nh6 13. e6 Qd8 14. Bd2 a6 15.
Nd5 Rc8 16. Rd1 Na5 17. O-O Nc4 18. b3 Nxd2 19. Qxd2 b5 20. c4 bxc4 21. bxc4
O-O 22. Rb1 Rxc4 23. Rb7 Re4 24. Nxe7+ Kh8 25. Ng5 Rd4 26. Qe2 Qa5 27. Nxg6+
hxg6 28. e7 Re8 29. Rb8 Rxb8 30. e8=Q+ Rxe8 31. Qxe8+ Ng8 32. Nf7+ Kh7 33. Ng5+
Kh8 34. Qxg6 Nf6 35. Nf7+ Kg8 36. Nh6+ Kh8 37. Nf7+ Kg8 38. Nh6+ Kh8 39. Nxf5
Qc7 40. Nxd4 Qc5 41. Rd1 Nd5 42. Qe8+ Kh7 43. Qe4+ Kh8 44. Kh1 Nc3 45. Qe8+ Kh7
46. Ne6 Qf5 47. Ng5+ Kh6 48. Rxd6+ 1-0

[Event "European Team-ch 2007 Femenino"]
[Site "Creta GRE"]
[Date "2007.11.06"]
[Round "9.9"]
[White "Houska, Jovanka"]
[Black "Golubenko, Valentina"]
[Result "1/2-1/2"]
[WhiteElo "2404"]
[BlackElo "2264"]
[PlyCount "67"]
[EventDate "2007.10.28"]
[EventType "team"]
[EventRounds "9"]
[EventCountry "GRE"]
[Source "lmi"]
[SourceDate "2007.10.28"]
[WhiteTeam "England"]
[BlackTeam "Croatia"]
[WhiteTeamCountry "ENG"]
[BlackTeamCountry "CRO"]

1. e4 Nf6 2. e5 Nd5 3. d4 d6 4. Nf3 g6 5. Bc4 Nb6 6. Bb3 d5 7. h3 Bg7 8. c3 Bf5
9. Bf4 Nc6 10. O-O O-O 11. a4 Na5 12. Bc2 e6 13. b3 Bxc2 14. Qxc2 c5 15. dxc5
Nd7 16. Re1 Nc6 17. b4 a5 18. Qd2 axb4 19. cxb4 f6 20. Bh6 Bxh6 21. Qxh6 Nxb4
22. exf6 Rxf6 23. Nc3 Nc2 24. Ng5 Nf8 25. Rab1 Qc7 26. Rxe6 Rxe6 27. Nxd5 Qg7
28. Qxg7+ Kxg7 29. Rxb7+ Kh6 30. Nf7+ Kg7 31. Ng5+ Kh6 32. Nf7+ Kg7 33. Ng5+
Kh6 34. Nf7+ 1/2-1/2

[Event "European Team-ch 2007 Femenino"]
[Site "Creta GRE"]
[Date "2007.11.06"]
[Round "9.9"]
[White "Medic, Mirjana"]
[Black "Ciuksyte, Dagne"]
[Result "1/2-1/2"]
[WhiteElo "2240"]
[BlackElo "2411"]
[PlyCount "84"]
[EventDate "2007.10.28"]
[EventType "team"]
[EventRounds "9"]
[EventCountry "GRE"]
[Source "lmi"]
[SourceDate "2007.10.28"]
[WhiteTeam "Croatia"]
[BlackTeam "England"]
[WhiteTeamCountry "CRO"]
[BlackTeamCountry "ENG"]

1. d4 Nf6 2. Nf3 e6 3. Bg5 Be7 4. e3 c5 5. c3 b6 6. Bd3 Bb7 7. Nbd2 cxd4 8.
cxd4 Nc6 9. a3 Nd5 10. Bxe7 Qxe7 11. O-O f5 12. Qe2 a6 13. Ne5 Nxe5 14. dxe5
O-O 15. Nc4 f4 16. Qh5 g6 17. Qh6 fxe3 18. fxe3 Bc6 19. Nd6 Qg7 20. Qg5 Ne7 21.
Be4 Nf5 22. Bxc6 dxc6 23. Nxf5 exf5 24. Qf4 Rfe8 25. Qc4+ Kh8 26. e4 fxe4 27.
Qxe4 Qxe5 28. Qxc6 Rac8 29. Qxb6 Rb8 30. Qxa6 Rxb2 31. Qc6 Kg7 32. Kh1 Rf2 33.
h3 Ref8 34. Rfe1 Re2 35. Rxe2 Qxa1+ 36. Kh2 Qxa3 37. Qd7+ Rf7 38. Qd4+ Kg8 39.
Re8+ Rf8 40. Qd5+ Kg7 41. Qe5+ Kg8 42. Qe6+ Kh8 1/2-1/2

[Event "European Team-ch 2007 Femenino"]
[Site "Creta GRE"]
[Date "2007.11.06"]
[Round "9.9"]
[White "Lauterbach, Ingrid"]
[Black "Franciskovic, Borka"]
[Result "1/2-1/2"]
[WhiteElo "2124"]
[BlackElo "2227"]
[PlyCount "98"]
[EventDate "2007.10.28"]
[EventType "team"]
[EventRounds "9"]
[EventCountry "GRE"]
[Source "lmi"]
[SourceDate "2007.10.28"]
[WhiteTeam "England"]
[BlackTeam "Croatia"]
[WhiteTeamCountry "ENG"]
[BlackTeamCountry "CRO"]

1. Nf3 Nf6 2. g3 d5 3. Bg2 c6 4. O-O Bg4 5. h3 Bh5 6. d4 Nbd7 7. Nbd2 e6 8. c4
Be7 9. b3 O-O 10. Bb2 a5 11. a3 Qb8 12. Rc1 Bd6 13. g4 Bg6 14. Nh4 Re8 15. Nxg6
hxg6 16. Nf3 a4 17. c5 Bc7 18. b4 e5 19. dxe5 Nxe5 20. Nd4 Nc4 21. Rc2 Ne4 22.
e3 Qd8 23. Bc1 Qf6 24. Nf3 Nc3 25. Qd4 Nb5 26. Qxf6 gxf6 27. Ra2 b6 28. cxb6
Bxb6 29. Nd2 Nbd6 30. Rc2 Nxd2 31. Rxd2 Rac8 32. Rc2 Nc4 33. e4 Ne5 34. exd5
cxd5 35. Rxc8 Rxc8 36. Bxd5 Rc3 37. Kg2 Nd3 38. Be3 Bc7 39. b5 Nf4+ 40. Bxf4
Bxf4 41. b6 Rd3 42. Bf3 Rxa3 43. Rd1 Rb3 44. Rd4 Be5 45. Rxa4 Rxb6 46. Bd5 Rd6
47. Ra5 Rd7 48. Kf3 Bc3 49. Rb5 Kg7 1/2-1/2

[Event "European Team-ch 2007 Femenino"]
[Site "Creta GRE"]
[Date "2007.11.06"]
[Round "9.9"]
[White "Sargac, Rajna"]
[Black "Chevannes, Sabrina L"]
[Result "1-0"]
[WhiteElo "2170"]
[BlackElo "2073"]
[PlyCount "65"]
[EventDate "2007.10.28"]
[EventType "team"]
[EventRounds "9"]
[EventCountry "GRE"]
[Source "lmi"]
[SourceDate "2007.10.28"]
[WhiteTeam "Croatia"]
[BlackTeam "England"]
[WhiteTeamCountry "CRO"]
[BlackTeamCountry "ENG"]

1. d4 d5 2. Nf3 Nf6 3. c4 e6 4. Nc3 c6 5. Bg5 Be7 6. e3 Nbd7 7. Bd3 dxc4 8.
Bxc4 b5 9. Bd3 a6 10. O-O Bb7 11. e4 h6 12. Bxf6 Nxf6 13. e5 Nd5 14. Ne4 O-O
15. Rc1 Rc8 16. Nc5 Bxc5 17. Rxc5 Nb6 18. Qe2 Nd7 19. Qe4 f5 20. exf6 Qxf6 21.
Ne5 Nxe5 22. Qh7+ Kf7 23. dxe5 Qg5 24. f4 Qg4 25. h3 Qg3 26. Rf3 Qe1+ 27. Kh2
Rg8 28. Qg6+ Ke7 29. f5 Rcf8 30. Qxe6+ Kd8 31. Qd6+ Kc8 32. f6 g6 33. f7 1-0

[Event "European Team-ch 2007 Femenino"]
[Site "Creta GRE"]
[Date "2007.11.06"]
[Round "9.10"]
[White "Dembo, Yelena"]
[Black "Kulovana, Eva"]
[Result "1/2-1/2"]
[WhiteElo "2448"]
[BlackElo "2305"]
[PlyCount "90"]
[EventDate "2007.10.28"]
[EventType "team"]
[EventRounds "9"]
[EventCountry "GRE"]
[Source "lmi"]
[SourceDate "2007.10.28"]
[WhiteTeam "Greece"]
[BlackTeam "Czech Republic"]
[WhiteTeamCountry "GRE"]
[BlackTeamCountry "CZE"]

1. e4 c6 2. d4 d5 3. e5 Bf5 4. Be3 e6 5. Nd2 Nd7 6. Ngf3 f6 7. Be2 fxe5 8. dxe5
c5 9. O-O Qc7 10. Nh4 Ne7 11. f4 O-O-O 12. c3 Kb8 13. Bf2 Ng6 14. Nxg6 Bxg6 15.
Nf3 Be7 16. Qd2 h6 17. b4 Rc8 18. c4 Be4 19. cxd5 Bxd5 20. Rfc1 Qd8 21. bxc5
Nxc5 22. Qe3 b6 23. Nd2 Qd7 24. Rc2 g5 25. Rb1 gxf4 26. Qd4 Qb7 27. g3 fxg3 28.
hxg3 Ne4 29. Rxc8+ Rxc8 30. Nxe4 Bxe4 31. Ba6 Qxa6 32. Qxe4 Bc5 33. Bxc5 Rxc5
34. Rf1 Qc8 35. Qe3 Rc2 36. Rf6 Qd8 37. Rf2 Rxf2 38. Kxf2 Qd5 39. Qxh6 Qxa2+
40. Ke3 Qa3+ 41. Kf2 Qb2+ 42. Kf3 Qxe5 43. g4 Qd5+ 44. Kg3 e5 45. g5 Qd3+
1/2-1/2

[Event "European Team-ch 2007 Femenino"]
[Site "Creta GRE"]
[Date "2007.11.06"]
[Round "9.10"]
[White "Nemcova, Katerina"]
[Black "Botsari, Anna-Maria"]
[Result "1-0"]
[WhiteElo "2255"]
[BlackElo "2341"]
[PlyCount "85"]
[EventDate "2007.10.28"]
[EventType "team"]
[EventRounds "9"]
[EventCountry "GRE"]
[Source "lmi"]
[SourceDate "2007.10.28"]
[WhiteTeam "Czech Republic"]
[BlackTeam "Greece"]
[WhiteTeamCountry "CZE"]
[BlackTeamCountry "GRE"]

1. e4 e5 2. Nf3 Nc6 3. Bb5 a6 4. Ba4 d6 5. c3 f5 6. exf5 Bxf5 7. d3 Nf6 8. O-O
Be7 9. Re1 b5 10. Bc2 Qd7 11. Nbd2 O-O 12. Nf1 Bg6 13. Ng3 Nh5 14. Nxe5 Nxe5
15. Nxh5 Qf5 16. Nf4 Bh4 17. Rf1 Rae8 18. f3 c5 19. Bd2 Qf7 20. Nxg6 hxg6 21.
f4 Nc6 22. Qf3 d5 23. Be3 Be7 24. Rae1 Bd6 25. Qf2 c4 26. dxc4 dxc4 27. g3 Re6
28. Qg2 Bb8 29. Be4 Ne7 30. Bc5 Rd8 31. Bxe7 Ba7+ 32. Kh1 Rxe7 33. Bd5 Rxd5 34.
Rxe7 Qxe7 35. Qxd5+ Kh7 36. f5 Qe2 37. Qg2 Qd3 38. f6 gxf6 39. Rxf6 Kg7 40. Rf1
Bc5 41. Qf3 Qd7 42. Qf6+ Kh6 43. Qh8+ 1-0

[Event "European Team-ch 2007 Femenino"]
[Site "Creta GRE"]
[Date "2007.11.06"]
[Round "9.10"]
[White "Makropoulou, Marina"]
[Black "Blazkova, Petra"]
[Result "1-0"]
[WhiteElo "2243"]
[BlackElo "2239"]
[PlyCount "79"]
[EventDate "2007.10.28"]
[EventType "team"]
[EventRounds "9"]
[EventCountry "GRE"]
[Source "lmi"]
[SourceDate "2007.10.28"]
[WhiteTeam "Greece"]
[BlackTeam "Czech Republic"]
[WhiteTeamCountry "GRE"]
[BlackTeamCountry "CZE"]

1. e4 d5 2. exd5 Qxd5 3. Nc3 Qa5 4. d4 Nf6 5. Nf3 Nc6 6. Bd2 a6 7. Bc4 Qh5 8.
Ne5 Qxd1+ 9. Rxd1 Nd8 10. O-O Bf5 11. Rc1 e6 12. Rfe1 Be7 13. h3 h5 14. Bg5 Rc8
15. Bd3 Bxd3 16. Nxd3 Nd5 17. Bxe7 Nxe7 18. Nc5 a5 19. Nb5 b6 20. Nd3 O-O 21.
c4 Nf5 22. d5 c6 23. Nc3 exd5 24. cxd5 Nb7 25. Ne5 Nc5 26. dxc6 Rfe8 27. Nd5
Ne6 28. Nxb6 Rb8 29. Ned7 Rbd8 30. Rxe6 fxe6 31. c7 Rxd7 32. c8=Q Rdd8 33. Qa6
Nd4 34. Rc8 Rxc8 35. Nxc8 e5 36. Nd6 Rf8 37. Ne4 h4 38. Qxa5 Ne2+ 39. Kh2 Nf4
40. Qxe5 1-0

[Event "European Team-ch 2007 Femenino"]
[Site "Creta GRE"]
[Date "2007.11.06"]
[Round "9.10"]
[White "Cedikova, Katerina"]
[Black "Fakhiridou, Ekaterini"]
[Result "1/2-1/2"]
[WhiteElo "2171"]
[BlackElo "2270"]
[PlyCount "104"]
[EventDate "2007.10.28"]
[EventType "team"]
[EventRounds "9"]
[EventCountry "GRE"]
[Source "lmi"]
[SourceDate "2007.10.28"]
[WhiteTeam "Czech Republic"]
[BlackTeam "Greece"]
[WhiteTeamCountry "CZE"]
[BlackTeamCountry "GRE"]

1. d4 d5 2. Nf3 Nf6 3. g3 e6 4. Bg2 Be7 5. O-O O-O 6. c4 c6 7. b3 Nbd7 8. Bb2
Ne4 9. Nbd2 f5 10. e3 Qe8 11. Nxe4 fxe4 12. Nd2 Bg5 13. Qe2 e5 14. cxd5 cxd5
15. f3 exd4 16. Bxd4 exf3 17. Bxf3 Nf6 18. Bxf6 Bxf6 19. Bxd5+ Kh8 20. Rad1 Qg6
21. Rf4 Bf5 22. Be4 Bg5 23. Rxf5 Rxf5 24. Bxf5 Qxf5 25. Nf3 Be7 26. Kg2 Rc8 27.
Nd4 Qe5 28. Nf3 Qe4 29. Rd4 Qe6 30. e4 Bc5 31. Rc4 a5 32. Ng5 Qe8 33. e5 h6 34.
Nf3 b6 35. Qe4 Qe6 36. Rc2 Kg8 37. Rc1 Rd8 38. Re1 Qd5 39. Qxd5+ Rxd5 40. Kh3
Kf7 41. Kg4 Ke6 42. Re2 Rd1 43. h4 g6 44. Kf4 Rf1 45. Ke4 Rd1 46. g4 Rh1 47.
Rd2 Ra1 48. Re2 Rd1 49. Rd2 Ra1 50. h5 g5 51. Rh2 Rf1 52. Rd2 Ra1 1/2-1/2

[Event "European Team-ch 2007 Femenino"]
[Site "Creta GRE"]
[Date "2007.11.06"]
[Round "9.11"]
[White "Drljevic, Ljilja"]
[Black "Cmilyte, Viktorija"]
[Result "0-1"]
[WhiteElo "2270"]
[BlackElo "2464"]
[PlyCount "120"]
[EventDate "2007.10.28"]
[EventType "team"]
[EventRounds "9"]
[EventCountry "GRE"]
[Source "lmi"]
[SourceDate "2007.10.28"]
[WhiteTeam "MNE"]
[BlackTeam "Lithuania"]
[BlackTeamCountry "LTU"]

1. e4 c5 2. d3 Nc6 3. g3 g6 4. Bg2 Bg7 5. f4 d6 6. Nf3 e5 7. Nc3 Nge7 8. O-O
O-O 9. f5 gxf5 10. Nh4 fxe4 11. dxe4 f6 12. Be3 Be6 13. Qd2 Nd4 14. Rf2 Qc7 15.
Ne2 Bg4 16. Bxd4 cxd4 17. c3 f5 18. cxd4 fxe4 19. Rxf8+ Rxf8 20. dxe5 d5 21.
Nf4 Bxe5 22. Rf1 Rf7 23. h3 Be6 24. Nh5 Rxf1+ 25. Bxf1 Ng6 26. Nxg6 hxg6 27.
Qg5 Bd4+ 28. Kh2 Qf7 29. Nf4 Bf6 30. Qxg6+ Qxg6 31. Nxg6 d4 32. b3 d3 33. Nf4
Bf5 34. Kg2 Kf7 35. Kf2 Bd4+ 36. Ke1 Kf6 37. Kd2 e3+ 38. Kd1 e2+ 39. Nxe2 dxe2+
40. Kxe2 Bb1 41. a3 Bc2 42. b4 Bb2 43. Kd2 Ba4 44. b5 Bxa3 45. Be2 Bd6 46. g4
Kg5 47. Ke3 Bb3 48. Ke4 Bg3 49. Bf1 Bd6 50. Be2 Be6 51. Bf1 Kh4 52. Kd4 Kg3 53.
Ke4 Kf2 54. Bd3 Kg2 55. g5 Kxh3 56. g6 Kg4 57. Kd4 Kg5 58. Be4 b6 59. g7 Kf6
60. Bc6 Bc5+ 0-1